000 00879cam a22002657a 4500
005 20220329141254.0
008 971010s1988 r 00010 d
010 _a65535
011 _a66507
035 _a74731
082 _a631.43
_bC3
100 0 0 _aCalvet, R.
_917602
245 0 _aEtudes sur les transferts d'eau dans le systeme sol-plante-atmosphere
260 _aParis :
_bINRA,
_c1988
300 _a362 p.
_b: gráfs
590 _aBATCH-UPD
_b10
_c20130110
_lUCH01
_h0822
590 _aBATCH-UPD
_b10
_c20130410
_lUCH01
_h0500
590 _aBATCH-UPD
_b10
_c20130914
_lUCH01
_h0425
590 _aCONVERSION
_b10
_c20130109
_lUCH01
_h1336
650 1 4 _aAtmósfera.
_98260
650 1 4 _aSuelos y cultivos.
_9110571
710 0 _aInstitut National de la Recherche Agronomique. Paris.
_959005
901 _aBK
949 _a631.43 C3
_bS
_cLIBRO
_d-7629
_eLIBRO
_h3770
_i74731
_si
_t89.26
999 _c65535
_d65535